Translate Welsh names to English - Statistics

General Stats
  • This quiz has been taken 45 times
  • The average score is 9 of 15
Answer Stats
Hint Answer % Correct
Steffan Stephen
100%
Dafydd David
98%
Mari Mary
98%
Beca Rebecca
93%
Catrin Catherine
90%
Huw Hugh
83%
Rhosyn Rose
71%
Bethan Elizabeth
61%
Ifan (Evan) John
56%
Llywelyn Leoline
56%
Macsen Maximus
46%
Lowri Laura
29%
Megan Margaret
29%
Siân Jane
27%
Lloyd Grey
5%
No matching quizzes found
Score Distribution
Percent of People with Each Score
Percentile by Number Answered
Your Score History
You have not taken this quiz